00452nam a22001577a 450000500170000001000150001702000260003203500140005803700130007208200160008510000180010124500610011926000410018027000500022130000230027120170517142747.0 aENG-118214 a9789384275310c995.00 aEN-101746 bDBAD/PUB a306.4409545 aRajan, Samita a Language politics in north east india/cby Samita Rajan aIndiabNE BOOKS AND PUBLISHERSc2017 aNational Highway Silchar- 788005 Assam, India a186p..c23cm. (Hb)